| 000 | 01046cad a22002535a 4500 | ||
|---|---|---|---|
| 001 | L146478 | ||
| 008 | 090123s2008 xxk f v 100 0 eng d | ||
| 035 | _a(Sirsi) u146478 | ||
| 041 | 0 | _aeng | |
| 050 | 0 | 4 | _a346.41043 $2 18 |
| 110 | 2 |
_aProperty Litigation Association _94147 |
|
| 245 | 0 | 0 |
_aProperty Litigation Association _bgeneral documents _h[electronic resource] |
| 260 |
_a[S.l.] _bPLA _c2008 |
||
| 505 | 2 | _aInsolvency: rent recovery in administration -- Every little helps: interim rent and apportionment -- What to look for in a set of accounts -- 1954 Act: validity of notices | |
| 520 | _aCollection of artciles on a range of property litigation matters. Includes some hypothetical case studies. | ||
| 590 | _aKA | ||
| 651 | 4 |
_aUnited Kingdom _y |
|
| 690 | _aMANAGEMENT-CORPORATE RECOVERY | ||
| 700 | 1 | _aAyliffe, James | |
| 700 | 1 | _aLamont, Camilla | |
| 700 | 1 | _aHolland, Katharine | |
| 856 | 4 | 0 |
_uhttps://www.pla.org.uk/library/conference_papers _zView the conference papers free of charge at www.pla.org.uk... |
| 942 | _n0 | ||
| 999 |
_c109192 _d109192 |
||